Κατάλογος Βιβλιοθηκών Mediterranean College

Feminism & Philosophy / Essential Readings in Theory, Reinterpretation, and Application (Record no. 146)

MARC details
000 -LEADER
fixed length control field 01089cam a22002054a 4500
005 - ΗΜΕΡΟΜΗΝΙΑ ΚΑΙ ΩΡΑ ΤΕΛΕΥΤΑΙΑΣ ΕΝΗΜΕΡΩΣΗΣ
Πεδίο ελέγχου 20250605163925.0
008 - FIXED-LENGTH DATA ELEMENTS--GENERAL INFORMATION
Πεδίο ελέγχου σταθερού μήκους 250528s ||||||||||||||||||||||||d
035 ## - SYSTEM CONTROL NUMBER
System control number 14518
020 ## - ISBN
ISBN 813322138
040 ## - ΠΗΓΗ ΚΑΤΑΛΟΓΟΓΡΑΦΗΣΗΣ
Φορέας πρωτότυπης καταλογογράφησης MC Athens Campus Library
Γλώσσα καταλογογράφησης Ελληνικά, Μοντέρνα (1453-)
Modifying agency MC Athens Campus Library
Κανόνες περιγραφικής καταλογογράφησης AACR2
245 1# - ΤΙΤΛΟΣ ΚΑΙ ΔΗΛΩΣΗ ΥΠΕΥΘΥΝΟΤΗΤΑΣ
Τίτλος Feminism & Philosophy / Essential Readings in Theory, Reinterpretation, and Application
260 ## - PUBLICATION, DISTRIBUTION, ETC.
Name of publisher, distributor, etc. Westview Press,
Date of publication, distribution, etc. 1995
300 ## - PHYSICAL DESCRIPTION
Extent 552
520 ## - SUMMARY, ETC.
Summary, etc. Excellent and wide ranging examples of both rhetorical and practical discussions of the key issues in contemporary feminist philosophy. Preface, Introduction, Liberal Feminist Perspectives, Marxist Feminist Perspectives, Radical Feminist Perspectives, Psychoanalytic Feminist Perspectives, Socialist Feminist Perspectives, Anarcha Feminist and Ecological Feminist Perspectives, Phenomenological Feminist Perspectives, Postmodern Feminist Perspectives, Perspectives on the Intersections of Race and Class and Gender, About the Book and Editors.
700 1# - ΠΡΟΣΘΕΤΗ ΑΝΑΓΡΑΦΗ--ΦΥΣΙΚΟ ΠΡΟΣΩΠΟ
Personal name Tong Rosemarie
9 (RLIN) 217
700 1# - ΠΡΟΣΘΕΤΗ ΑΝΑΓΡΑΦΗ--ΦΥΣΙΚΟ ΠΡΟΣΩΠΟ
Personal name Tuana Nancy
9 (RLIN) 218
942 ## - ADDED ENTRY ELEMENTS (KOHA)
Koha item type Books
Holdings
Τύπος τεκμηρίου Βιβλιοθήκη Τρέχουσα τοποθεσία Barcode Αριθμός εισαγωγής Ημερομηνία απόκτησης Ταξιθετικό σύμβολο Αριθμός αντιτύπου Κατάσταση απόσυρσης Κατάσταση χαμένου Κατάσταση κατεστραμμένου Μη δανεισμός Σύνολο δανεισμών Ημερομηνία τελευταίας εμφάνισης Η τιμή ισχύει από
Books MC Athens Campus Library MC Athens Campus Library 9780000001450 1566 05/06/2025 305.42/01 TUA 1           05/06/2025 05/06/2025

MC Athens Campus Library
Πατησίων 94 & Κοδριγκτώνος 13, 104 34
Πελλήνης 8 & Πατησίων 107, 112 51
Τ: +30 210 8899600

MC Thessaloniki Campus Library
Ίωνος Δραγούμη 21, 54625 | Ίωνος Δραγούμη 15, 54625
Τ: +30 2310 287779 – Τ: +30 2314 440300